000 01097cam a2200301 a 4500
003 CHAP
005 20220329142230.0
008 000313d1996 mx r 00010 spa d
010 _a80266
011 _a81238
035 _a91705
040 _cCHAP
090 _aR-3693
130 0 _aMéxico. Leyes, decretos, etc.
_9175452
245 0 _aSe reforma, adiciona y deroga diversas disposiciones de la ley general del equilibrio ecológico y la protección al ambiente
_c/por Secretaría de Medio Ambiente, Recursos Naturales y Pesca
500 _aSobretiro de : Diario oficial. viernes 13 de diciembre de 1996
590 _aBATCH-UPD
_b10
_c20130110
_lUCH01
_h1407
590 _aBATCH-UPD
_b10
_c20130410
_lUCH01
_h0855
590 _aBATCH-UPD
_b10
_c20130914
_lUCH01
_h1228
590 _aCONVERSION
_b10
_c20130109
_lUCH01
_h1345
650 1 4 _aEcología
_xLeyes
_xMéxico.
_935153
650 1 4 _aMedio ambiente
_xProtección.
_974106
650 1 4 _aRecursos naturales
_xLeyes.
_995296
901 _aBK
905 _aLilia Sánchez G.
942 _cREIMP
949 _aR-3693
_bBC
_cR
_d917051
_eTS1
_i91705
_sb
999 _c80266
_d80266